Spieler, die Max Hopp bei der Darts WM besiegten - Statistiken

Allgemein
  • Dieses Quiz wurde 107 mal gespielt
    12 seit der letzten Aktualisierung
  • Das Durchschnittsergebnis liegt bei 4 aus 9
Antwortstatistiken
Jahr Runde Nationalität Spieler % Korrekt
2020 3. Runde Litauen Darius Labanauskas
91%
2019 3. Runde Niederlande Michael van Gerwen
91%
2026 2. Runde England Luke Woodhouse
73%
2017 2. Runde Belgien Kim Huybrechts
55%
2016 1. Runde Niederlande Benito van de Pas
36%
2014 1. Runde Schottland Robert Thornton
36%
2015 2. Runde Niederlande Vincent van der Voort
27%
2013 1. Runde England Denis Ovens
18%
2021 2. Runde England Mervyn King
18%
Keine übereinstimmenden Quizze gefunden
Verteilung der Resultate
Anzahl Personen mit jedem Resultat
Perzentil nach korrekt beantworteten Fragen
Ihre Resultats-Entwicklung
Sie haben dieses Quiz seit der letzten Aktualisierung nicht gespielt